000
00327nam a22001457a 4500
008
230418b ||||| |||| 00| 0 eng d
020
_a
9789004384033
041
_a
eng
080
_2
VOLUME129
_a
34
082
_a
34BRA
100
_a
31
101
_a
JURE
245
_a
REVOLUTION AND ALTERNATIVES
_c
BRASS T
942
_2
udc
_c
BK
999
_c
59567
_d
59567